00861cam a2200217 a 450000100100000000500170001000800410002702000220006804000290009004100380011908200190015710000260017624000590020224501030026126000620036430000270042653401120045365000230056565000270058870000280061500000848120240529124642.0960730s1996 cau 000 f spa d a0062514628 (pbk.) aDO-SdBNPbspacLCdBNPHU17aspahpor2Código de idioma MARC aB869.42bC672a1 aCoelho, Paulo,d1947-10aNa margem do rio Piedra eu sentei e chorei.lEspañol10aA orillas del río Piedra me senté y lloré /cPaulo Coelho; traducción de Alfonso Indecona. aSan Francisco, (California) :bHarperSanFrancisco,c1996. axiii, 202 p. ;c21 cm. aVersión en español de:tNa margem do rio Piedra eu sentei a choreicRio de Janeriro : Rocco Ltd., 1994. 0aNovela brasileña 4aLiteratura brasileña1 aIndecona, Alfonso,etr.